| 000 | 01088nam a22002057a 4500 | ||
|---|---|---|---|
| 999 |
_c64060 _d64060 |
||
| 003 | Ge_BSU | ||
| 005 | 20260318112644.0 | ||
| 008 | 260318s2007 ge ||||| |||| 00| 0 geo d | ||
| 020 | _a9789941120510 | ||
| 041 | _ageo | ||
| 080 | _a338.22 : 336.67 ბ-83 | ||
| 100 |
_aბოლქვაძე, ბესიკ _91967 |
||
| 245 |
_aბიზნესის ფინანსური ანალიზი : _bთეორია და პრაქტიკა / _cბესიკ ბოლქვაძე; [რედ. თამარ გამსახურდია]; შოთა რუსთაველის სახელმწ. უნ-ტი, ბიზნესის სკოლა, ნიკო ბერძენიშვილის ს/კ ინ-ტი. |
||
| 264 |
_aთბ. : _bუნივერსალი, _c2007. |
||
| 300 |
_a174 გვ. : _bცხ. ; _c20 სმ. |
||
| 504 | _a ბიბლიოგრ.: გვ. 168-171. | ||
| 653 | _aბიზნესი | ||
| 653 | _aფინანსური ანალიზი | ||
| 942 |
_2udc _cᲬᲘᲒᲜᲘ |
||